| 000 | 00681nam a22002177a 4500 | ||
|---|---|---|---|
| 999 |
_c19977 _d19977 |
||
| 003 | OSt | ||
| 005 | 20210125131752.0 | ||
| 008 | 161117b xxu||||| |||| 00| 0 eng d | ||
| 020 | _a0130655988 | ||
| 040 |
_aMMU _cMMU _dMMU _beng |
||
| 050 | 0 | 0 |
_aQA276.12 _b.M4 2003 |
| 100 | 1 | _aMcClave, James T. | |
| 245 | 1 | 0 |
_aStatistics / _cJames T. McClave, Terry Sincich. |
| 250 | _a9th ed. | ||
| 260 |
_aUpper Saddle River, NJ : _bPrentice Hall, _cc2003. |
||
| 300 |
_axxvi, 850 p. : _bill. ; _c27 cm + _e1 computer optical disc (4 3/4 in.). |
||
| 500 | _aIncludes bibliographical references and index. | ||
| 650 | 0 |
_aStatistics. _9460 |
|
| 700 | 1 | _aSincich, Terry. | |
| 942 |
_2lcc _cLOAN LOAN |
||